[Event "BCF-chT3 0405 (4NCL)"]
[Site "Telford"]
[Date "2005.02.26"]
[Round "5.7"]
[White "Miles, Richard"]
[Black "Thompson, Ian P"]
[Result "1/2-1/2"]
[WhiteElo "2045"]
[BlackElo "2055"]
[PlyCount "85"]
[EventDate "2004.11.06"]
[EventType "team"]
[EventRounds "11"]
[EventCountry "ENG"]
[SourceTitle "EXT 2006"]
[Source "ChessBase"]
[SourceDate "2005.11.24"]
[SourceVersion "1"]
[SourceVersionDate "2005.11.24"]
[SourceQuality "1"]
[WhiteTeam "SW Dragons II"]
[BlackTeam "Poisoned Pawns II"]
[WhiteTeamCountry "ENG"]
[BlackTeamCountry "ENG"]

1. Nf3 d5 2. c4 c6 3. e3 Nf6 4. d4 Bg4 5. Qb3 Qc7 6. Ne5 e6 7. Nc3 Nbd7 8. Nxg4 Nxg4 9. cxd5 exd5 10. h3 Ngf6 11. Bd3 g6 12. Bd2 Bg7 13. Rc1 Qb6 14. Qc2 0-0 15. 0-0 Rac8 16. Na4 Qc7 17. b4 a6 18. Nc5 Rfe8 19. a4 Bf8 20. Qb1 Bxc5 21. bxc5 Ne4 22. Rc2 Nxd2 23. Rxd2 Nf8 24. Rb2 Re7 25. Rb6 Ne6 26. Qb2 Rce8 27. Rb1 Nd8 28. Qe2 Qc8 29. Qf3 Kg7 30. g4 Qe6 31. Kg2 Qf6 32. Qg3 Rd7 33. h4 Rg8 34. Be2 Qe7 35. Rh1 h6 36. Bd3 Re8 37. h5 Qf6 38. Qh3 Rh8 39. Qf3 Qxf3+ 40. Kxf3 Rf8 41. Rbb1 Ne6 42. Rh2 Re7 43. Rbh1 1/2-1/2